[Event "A beginners playground"]
[Site "SchemingMind.com"]
[Date "2005.02.18"]
[Round "-"]
[White "big_al"]
[Black "ChuckBoudreaux"]
[Result "0-1"]
[WhiteCountry "ENG"]
[BlackCountry "USA"]
[WhiteElo "1850"]
[WhiteRD "128"]
[BlackElo "1912"]
[BlackRD "98"]
[GameID "8962"]

1. c4 g6 2. g3 Bg7 3. Bg2 Nc6 4. e4 d6 5. Ne2 e5 6. Nbc3 Nge7 7. O-O O-O= 8. d3 Be6 9. Nd5 Qd7 10. b3 f5
11. Bb2 fxe4 12. dxe4 Rf7 13. Qd2 Raf8 14. f3 Nb8 15. Rad1 Nxd5 16. cxd5 Bh3 17. Bc1 Bxg2 18. Kxg2 h6 19. Qa5 a6 20. Bd2 Rf6
21. Rc1 c6 22. Rc3 Qf7 23. Bc1 c5 24. Ng1 b5 25. b4 c4 26. a4 Qe8 27. Be3 R6f7 28. axb5 Qxb5 29. Qxb5 axb5 30. Ra3 g5
31. h3 Rb7 32. Ne2 Bf6 33. Nc3 Rb6 34. Rfa1 Rb7
0-1